| 000 | 00574cam a2200229 4500 | ||
|---|---|---|---|
| 001 | D5644 | ||
| 008 | 090401t1985 xxu||||| |||| 00| 0 eng d | ||
| 035 | _a(Sirsi) u62149 | ||
| 041 | _aeng | ||
| 050 | _a690.24 | ||
| 100 | _aHolmes, R. | ||
| 245 | 2 | _aA coding system for building maintenance | |
| 260 |
_aAscot, Berks _bChartered Institute of Building _c1985 |
||
| 300 | _a25p. 30cm | ||
| 350 | _a0 | ||
| 490 |
_aTechnical Information Service _v47 |
||
| 520 | _aCaption title | ||
| 700 | _aDroop, C. | ||
| 700 | _aMellor, P. | ||
| 942 | _n0 | ||
| 948 | _c04/03/1997 | ||
| 999 |
_c94374 _d94374 |
||